• 首页
  • 本馆介绍
  • 公告通知
  • 最新文献
  • 馆藏检索
  • 电子资源
  • 读者导购
  • 参考咨询
  • 我的图书馆
  • 登录
  • 详细信息显示
  • 放入我的书架
  • 预约/预借图书
  • 作者相关作品
  • 分类相关作品
  • 丛书相关作品
  • 出版社相关作品

书目信息

  • 表格格式
  • 工作单格式
  • 卡片格式
题名:
第一次大潮
    
 
作者: ;中共上海市委宣传部 编
分册:  
出版信息: 上海   三联书店上海分店  1989.6
页数: 497页
开本: 20cm
丛书名:
单 册:
中图分类: D602
科图分类:
主题词: 政论--中国
电子资源:
ISBN: 7-5426-0232-2
000 00676nam0 2200229 45
001 0189009538
005 20050328161828.9
010    @a7-5426-0232-2@dCNY8.00
020    @aCN@b89009538
100    @a19901121d1989 m y0chiy0120 ea
101 0  @achi
102    @aCN@b310000
105    @ay z 000yy
200 10 @a第一次大潮@Adi yi ci da chao@f中共上海市委宣传部编@Fzhong gong shang hai shi wei xuan chuan bu bian
210    @a上海@c三联书店上海分店@d1989.6
215    @a497页@d20cm
300    @a纪念党的十一届三中全会召开十周年
606 0  @a政论@x中国
690    @aD602@v3
711 02 @a中共上海市委宣传部@4编
801  0 @aCN@bNLC@c19901121
905    @f1@b220924@dD602@e40
    
    第一次大潮/中共上海市委宣传部编.-上海:三联书店上海分店,1989.6
    497页;20cm
    纪念党的十一届三中全会召开十周年
    
    ISBN 7-5426-0232-2:CNY8.00
    
●
相关链接 在E读中查询图书 在五车中查询图书 在当当中查询图书 在豆瓣中查询图书


正题名:第一次大潮     索取号:D602/40         预约/预借

序号 登录号 条形码 馆藏地/架位号 状态 备注
1 0220924   002002512   第一借阅区/ [索取号:D602/40] 在馆    
2 0220925   000485095   第一样本阅览室/ [索取号:D602/40] 在馆    
唐山师范学院图书馆 欢迎您!
大连网信软件有限公司© 版权所有